| 000 | 01294nam a2200289Ia 4500 | ||
|---|---|---|---|
| 005 | 20220317001542.0 | ||
| 008 | 161108s2011 ck ao g 000 0 s | ||
| 020 | _a9789586828161 | ||
| 082 | 0 | 4 |
_a925.3 _bC17c |
| 100 | 1 | _aCarbonell Blanco, José Antonio | |
| 245 | 1 | 0 |
_aAlbert Einstein _bel hombre, el científico, el ciudadano _cJosé Antonio Carbonell Blanco ; revisión científica Pablo Cuartas Restrepo |
| 250 | _aPrimera edición | ||
| 300 |
_a45 páginas _bilustraciones, fotografías a color _c24 cm |
||
| 490 | _aCielo abierto | ||
| 500 | _aIncluye glosario | ||
| 504 | _aIncluye bibliografía | ||
| 505 | _aAlbert Einstein: ciencia para la humanidad -- Un niño curioso -- La familia -- Estudiante inconforme -- Inicios profesionales -- La contribución científica -- Los años berlinenses y sus causas públicas -- La relatividad general -- La celebridad -- El instituto de Investigaciones Avanzadas | ||
| 600 | 1 | 4 |
_aEinstein, Albert _d1879-1955 _vBiografías _975642 |
| 650 | 1 | 4 |
_2LEMB _aFísicos _vBiografías |
| 650 | 1 | 4 |
_2LEMB _aRelatividad (Física) |
| 942 |
_2ddc _cBK |
||
| 264 |
_aBogotá _bAlfaomega _c2011 |
||
| 336 |
_atexto _btxt _2rdacontent |
||
| 337 |
_asin mediación _bn _2rdamedia |
||
| 338 |
_avolumen _bnc _2rdacarrier |
||
| 040 |
_aCO-BoRNBP _bspa _erda _cCO-BoRNBP |
||
| 999 |
_c7338 _d7338 |
||